00411nam a2200133Ia 4500008004100000020001800041082001900059100002600078245005900104250001000163260006600173300001000239650002800249120622s9999 xx 000 0 und d a968-16-3442-X a972.00904 Z39a aZavala, Silvio, 1909- aApuntes de historia nacional 1808-1974 / Silvio Zavala a5a.ed aMéxico : Fondo de Cultura Económica ; El Colegio Nacional a229 p a1. MEXICO - HISTORIAÌ